000 00309 a2200157 4500
001 182525
020 _a
040 _cMagnum
100 _aPompéia, Raul
240 1 0 _aO Ateneu
_lpor
245 1 0 _aO Ateneu
300 _a208
440 1 _aCírculo do Livro
697 _aLITERATURA GERAL
942 _cBK
999 _c182525
_d182525